| Tag |
First Indicator |
Second Indicator |
Subfields |
| LEADER |
00000cam a2200000 a 4500 |
| 001 |
in00000087610 |
| 005 |
20151008064859.0 |
| 008 |
810616s1980 fluh 00010 spa |
| 010 |
|
|
|a 79056838
|
| 020 |
|
|
|a 0897292456 (pbk.)
|
| 035 |
|
|
|a (OCoLC)07836513
|
| 035 |
|
|
|9 AAK4967AM
|
| 039 |
0 |
|
|a 2
|b 3
|c 3
|d 3
|e 3
|
| 040 |
|
|
|a DLC
|c DLC
|d TXA
|d UtOrBLW
|
| 049 |
|
|
|a TXAM
|c [933231]
|
| 050 |
0 |
0 |
|a PQ7390.V35
|b C6
|
| 082 |
0 |
|
|a 861
|2 19
|
| 100 |
1 |
|
|a Valladares, Armando.
|
| 245 |
1 |
3 |
|a El corazon con que vivo :
|b (nuevos poemas y relatos "desde mi silla de ruedas") /
|c Armando Valladares.
|
| 264 |
|
1 |
|a Miami, Fla., U.S.A. :
|b Ediciones Universal,
|c 1980.
|
| 300 |
|
|
|a 140 pages :
|b facsimiles ;
|c 21 cm.
|
| 336 |
|
|
|a text
|b txt
|2 rdacontent
|
| 337 |
|
|
|a unmediated
|b n
|2 rdamedia
|
| 338 |
|
|
|a volume
|b nc
|2 rdacarrier
|
| 490 |
0 |
|
|a Coleccion Espejo de paciencia
|
| 999 |
|
|
|a MARS
|
| 999 |
f |
f |
|s fdbae58a-945b-3d91-80f0-7addb6789385
|i 652aec16-6a97-3858-9b06-3180530aafeb
|t 0
|
| 952 |
f |
f |
|p ric
|a Texas A&M University
|b Rellis Campus
|c Joint Library Facility
|d Remote Storage
|t 0
|e PQ7390.V35 C6
|h Library of Congress classification
|i unmediated -- volume
|m A14806182069
|
| 998 |
f |
f |
|a PQ7390.V35 C6
|t 0
|l Remote Storage
|